LEADER 01052nam0-22003371i-450- 001 990003943820403321 005 20080218111559.0 010 $a0-521-63988 035 $a000394382 035 $aFED01000394382 035 $a(Aleph)000394382FED01 035 $a000394382 100 $a20030910d1998----km-y0itay50------ba 101 0 $aeng 102 $aGB 105 $a--------001cy 200 1 $aSites of memory, sites of mourning$ethe Great War in European cultural history$fJay Winter 205 $a1. ed. 210 $aCambridge$cCambridge University Press$d1998 215 $ax, 310 p.$cill.$d21 cm 320 $aContiene bibl. (pp. 273-297) e indice analitico 610 0 $aGUERRA MONDIALE$a1914-1918$aMEMORIA$aAspetti sociali e culturali 676 $a940.42$v21$zita 700 1$aWinter,$bJay Murray$f<1945- >$0193418 801 0$aIT$bUNINA$gRICA$2UNIMARC 901 $aBK 912 $a990003943820403321 952 $a940.42 WIN 1$b1629$fBFS 959 $aBFS 996 $aSites of memory, sites of mourning$945538 997 $aUNINA LEADER 01055nam0-2200289-i-450 001 990005624920403321 005 20231128125955.0 035 $a000562492 035 $aFED01000562492 035 $a(Aleph)000562492FED01 100 $a19991006d1976----km-y0itay50------ba 101 0 $aita 105 $ay-------001yy 200 1 $aRaccolta di lettere sulla pittura, scultura ed architettura scritta da pił celebri personaggi dei secoli XV, XVI e XVII$fGiovanni Gaetano Bottari, Stefano Ticozzi 210 $aHildsheim$cGeorg Olms$d1976 215 $a7 v.$d15 cm 610 0 $aArtisti$aLettere e carteggi 676 $a701$v21$zita 700 1$aBottari,$bGiovanni Gaetano$0189188 701 1$aTicozzi,$bStefano$f<1762-1836>$08306 801 0$aIT$bUNINA$gRICA$2UNIMARC 901 $aBK 912 $a990005624920403321 952 $a709 BOTG 01 (2-8)$bST.ARTE 12996$fFLFBC 959 $aFLFBC 996 $aRaccolta di lettere sulla pittura, scultura ed architettura scritta da' pił celebri personaggi dei secoli XV, XVI e XVII$91456298 997 $aUNINA